| 000 | 01228nam a22003617a 4500 | ||
|---|---|---|---|
| 003 | CHAP | ||
| 005 | 20220329134255.0 | ||
| 008 | 971013s1946 r 00010 d | ||
| 010 | _a17948 | ||
| 011 | _a18920 | ||
| 035 | _a23005 | ||
| 040 | _cCHAP | ||
| 090 | _aTesis | ||
| 100 | 0 | 0 |
_aCedillo Santillán, Aurelio. _920853 |
| 245 | _aRecursos forestales del Estado de Sinaloa y su racional aprovechamiento | ||
| 260 |
_a(s.l.) : _bEl autor, _c1946 |
||
| 300 |
_a17 h. _b: ilus. |
||
| 502 | _aTesis (Ing. Agr. Esp. en Bosques) -- ENA. Departamento de Bosques | ||
| 590 |
_aALEPH _b10 _c20130110 _lUCH01 _h1241 |
||
| 590 |
_aBATCH-UPD _b10 _c20130110 _lUCH01 _h0128 |
||
| 590 |
_aBATCH-UPD _b10 _c20130110 _lUCH01 _h2321 |
||
| 590 |
_aBATCH-UPD _b10 _c20130409 _lUCH01 _h2123 |
||
| 590 |
_aBATCH-UPD _b10 _c20130410 _lUCH01 _h1611 |
||
| 590 |
_aBATCH-UPD _b10 _c20130914 _lUCH01 _h0704 |
||
| 590 |
_aCONVERSION _b10 _c20130109 _lUCH01 _h1311 |
||
| 650 | 1 | 4 |
_aBosques _xAdministración _xSinaloa. _914026 |
| 650 | 1 | 4 |
_aRecursos forestales _xSinaloa. _995066 |
| 901 | _aBK | ||
| 942 | _cFOLL | ||
| 949 |
_bBC _cTES _d-53645 _eTS1 _i23005 _si |
||
| 949 |
_bBC _cTES _d-53646 _eTS2 _fc.2 _i23005 _si |
||
| 949 |
_bBC _cTES _d-53647 _eTS2 _fc.3 _i23005 _si |
||
| 999 |
_c17948 _d17948 |
||